| 000 | 02206nam0a2200373 i 4500 | ||
|---|---|---|---|
| 001 | RU\NLR\BIBL_A\011172608 | ||
| 005 | 20241102215958.0 | ||
| 010 |
_a9785777918864 _9150 |
||
| 021 |
_aRU _b2016-49245 _93160 |
||
| 035 | _a(NILC)RuMoRGB-008522628 | ||
| 035 | _a(NLR Aleph) 011172608 | ||
| 090 |
_a11773914 _c11773914 |
||
| 100 | _a20160706d2015 km y0rusy50 ca | ||
| 101 | 0 | _arus | |
| 102 | _aRU | ||
| 105 | _aa|||z|||000zy | ||
| 200 | 1 |
_aТеоретические методы описания неравновесного критического поведения структурно неупорядоченных систем и эффектов старения _eмонография _fВ. В. Прудников, П. В. Прудников, А. Н. Вакилов, И. С. Попов _gМ-во образования и науки Российской Федерации, Федеральное гос. бюджетное образовательное учреждение высш. проф. образования Омский гос. ун-т им. Ф. М. Достоевского |
|
| 210 |
_aОмск _cИзд-во Омского государственного университета _d2015 |
||
| 215 |
_a335 с. _cил. _d21 |
||
| 320 | _aБиблиогр.: с. 315-335 (433 назв.) | ||
| 606 |
_aНеупорядоченные системы _xФлуктуационные явления _91742184 _3RU\NLR\AUTH\66779669 |
||
| 606 |
_aКонденсированное состояние вещества _xФазовые переходы _91365934 _3RU\NLR\AUTH\66571887 |
||
| 675 | _a539.2/.6 | ||
| 686 | 1 | _aВ36 | |
| 686 | 1 | _aВ37 | |
| 701 | 1 |
_aПрудников _bВ. В. _f1952- _gВладимир Васильевич |
|
| 701 | 1 |
_aПрудников _bП. В. _gПавел Владимирович |
|
| 701 | 1 |
_aВакилов _bА. Н. _gАндрей Николаевич |
|
| 701 | 1 |
_7ca _8rus _aПопов _bИ. С. _cканд. физ.-мат. наук, теорет. физика _gИван Сергеевич _9158185 _3RU\NLR\AUTH\770158226 |
|
| 801 | 0 |
_aRU _bРГБ _c20160620 _gRCR |
|
| 942 | _cBOOK | ||
| 980 | _aNBR | ||